[Event "FRA-ch U12 Girls"]
[Site "Belfort"]
[Date "2017.04.23"]
[Round "9.3"]
[White "Atli, Celine"]
[Black "Sumarriva Paulin, Laura"]
[Result "0-1"]
[WhiteElo "1271"]
[BlackElo "1521"]
[PlyCount "102"]
[EventDate "2017.04.16"]
[EventType "swiss"]
[EventRounds "9"]
[EventCountry "FRA"]
[SourceTitle "EXT 2019"]
[Source "ChessBase"]
[SourceDate "2018.10.10"]
[SourceVersion "1"]
[SourceVersionDate "2018.10.10"]
[SourceQuality "1"]

1. d4 d5 2. Bg5 Nf6 3. Bxf6 exf6 4. e3 c6 5. Bd3 g6 6. f4 f5 7. Nf3 Nd7 8. 0-0 Bg7 9. c3 0-0 10. Re1 Re8 11. Nbd2 c5 12. Nf1 c4 13. Bc2 Rb8 14. Ng5 b5 15. a3 a5 16. Ng3 Nf6 17. Nf3 Ng4 18. Ne5 Nxe5 19. fxe5 f6 20. exf6 Bxf6 21. Qf3 Bg5 22. b3 Rb6 23. b4 Rbe6 24. Nf1 Bb7 25. Kh1 f4 26. g3 fxe3 27. Re2 a4 28. Rae1 Qe7 29. h4 Bh6 30. Kh2 Rf8 31. Qg2 Rf2 32. Rxf2 exf2 33. Rxe6 Qxe6 34. Qxf2 Bc1 35. Bb1 Bc8 36. Kg1 Bxa3 37. Qc2 Qe1 38. Ba2 Bh3 39. Qf2 Qxf2+ 40. Kxf2 Bxf1 41. Kxf1 Bb2 42. Ke2 Bxc3 43. g4 Bxd4 44. Kd2 Bf2 45. Kc3 Kf7 46. h5 gxh5 47. gxh5 d4+ 48. Kc2 Be1 49. Bxc4+ bxc4 50. b5 Ke7 51. b6 Kd7 0-1

[Event "FRA-ch U12 Girls"]
[Site "Belfort"]
[Date "2017.04.16"]
[Round "2.2"]
[White "Nguyen, Thao Nhi"]
[Black "Atli, Celine"]
[Result "1-0"]
[WhiteElo "1691"]
[BlackElo "1271"]
[PlyCount "111"]
[EventDate "2017.04.16"]
[EventType "swiss"]
[EventRounds "9"]
[EventCountry "FRA"]
[SourceTitle "EXT 2019"]
[Source "ChessBase"]
[SourceDate "2018.10.10"]
[SourceVersion "1"]
[SourceVersionDate "2018.10.10"]
[SourceQuality "1"]

1. e4 c5 2. Nc3 e6 3. f4 d5 4. Bb5+ Nc6 5. Bxc6+ bxc6 6. Nf3 Ba6 7. d3 dxe4 8. Nxe4 f5 9. Nc3 Nf6 10. 0-0 Bd6 11. Ng5 Bc8 12. Re1 0-0 13. Nxe6 Bxe6 14. Rxe6 Re8 15. Rxe8+ Qxe8 16. Bd2 Qf7 17. Qf3 Rc8 18. Re1 Nd5 19. a3 Nxc3 20. Bxc3 Qc7 21. Be5 Qd7 22. Re3 Re8 23. Bxd6 Rxe3 24. Qxe3 Qxd6 25. Qe8+ Qf8 26. Qxc6 Qe7 27. Qd5+ Kf8 28. Qxf5+ Kg8 29. Qe4 Qf8 30. g3 h6 31. Qe5 Qc8 32. Qd5+ Kh7 33. Kg2 Qc7 34. Qe5 Qa5 35. Qe3 Kh8 36. Kf3 Qc7 37. Qe8+ Kh7 38. Qe5 Qb6 39. Qe4+ Kh8 40. Qe5 Qc6+ 41. Qe4 Qb6 42. Qe8+ Kh7 43. Qe5 Kh8 44. Ke2 a5 45. Kd2 c4 46. dxc4 Qf2+ 47. Kd3 Qf3+ 48. Qe3 Qd1+ 49. Kc3 Qd6 50. c5 Qc6 51. Kc4 Qa6+ 52. Kd4 Qb5 53. Qb3 Qd7+ 54. Qd5 Qa4+ 55. Kc3 Qb5 56. Qd8+ 1-0